000 00687cab a2200193 4500
001 WB2421-53
008 090401t1988 xxu||||| |||| 00| 0 eng d
035 _a(Sirsi) u25625
041 _aeng
245 _aManchester
260 _c1988
350 _a0
490 _aFinancial Times
_v25/5/88 (10) LOAN
520 _aSurvey on Manchester which traces the growth of the financial services sector. Covers the banking and insurance industries and the role played by the Manchester Business School . Includes profiles of Alsop Wilkinson, Brooke Associates, Swinton Insurance and MFPF.
650 _aVENTURE CAPITAL
690 _aSPECIAL REPORTS
942 _n0
948 _c04/03/1997
999 _c17215
_d17215